Liga Narodów 2020/2021/2022 Dywizja A - Statystyki

Ogólne statystyki
  • Ten quiz został rozwiązany 315 razy
  • Średni wynik to 14 z 16
Statystyki odpowiedzi
Odpowiedź % Poprawnych
3 Polska
100%
2 Holandia
99%
4 Włochy
98%
2 Francja
96%
1 Hiszpania
96%
3 Portugalia
96%
1 Anglia
95%
2 Niemcy
95%
2 Belgia
94%
4 Szwecja
90%
3 Szwajcaria
89%
1 Chorwacja
88%
3 Dania
87%
1 Bośnia i Hercegowina
85%
4 Ukraina
84%
4 Islandia
56%
Nie znaleziono quizów pasujących do podanych kryteriów
Rozkład punktacji
Procent ludzi z każdym wynikiem
Percentyl według liczby udzielonych odpowiedzi
Twoja historia wyników
Nie rozwiązałeś tego quizu